Email directory of worldwide importers 2010.

Bibliographic Details
Format: Book
Published: Poulsba, WA: Interdata, 2010.
Edition:2010 ed.
Subjects:
LEADER 00549cam a2200157 7i4500
001 0000024989
005 20100818090000.0
090 0 0 |a CD 382.5025   |b EMA 
245 0 0 |a Email directory of worldwide importers 2010. 
250 0 0 |a 2010 ed. 
260 0 0 |a Poulsba, WA:   |b Interdata,   |c 2010. 
300 # # |a Electronic computer optical disc (CD-ROM). 
650 0 0 |a Electronic mail systems  
650 0 0 |a Electronic mail message --   |x Importers --   |x Directories  
650 0 0 |a E-mail directory --   |x Importers  
999 |a CDR000951B  |b CD-ROM  |c AV Collection  |e Business Information Centre